00376nam a22001337a 450000500170000000800410001704100130005808200120007110000130008324500450009626000500014130000250019165000260021620240829060915.0240829b |||||||| |||| 00| 0 eng d aEnglish  a349 LAW lEnglish  aThe Laws of South West Africa 1915-1922  aWindhoek: bSwakopmunder Buchhandlung, c1915 b967 pages; c25 cm.  aLegal practice bLaw